000
00304nam a22001337a 4500
008
170606b xxu||||| |||| 00| 0 eng d
020
_a
9780521399883
041
_a
eng
080
_a
94
100
_a
18
101
_a
SHH
245
_a
IN THE HISTORY OF PRACTICAL THOUGH
_c
KNOX.J
942
_2
udc
_c
BK
999
_c
16033
_d
16033